América Latina: producir la torre de babel / Helio Gallardo

Uloženo v:
Podrobná bibliografie
Hlavní autor: Gallardo, Helio
Médium: Kniha
Jazyk:Spanish
Vydáno: San José, Costa Rica Arlekín 2015
Témata:
Tagy: Přidat tag
Žádné tagy, Buďte první, kdo vytvoří štítek k tomuto záznamu!

MARC

LEADER 00000nam a2200000Ia 4500
008 170316s9999 xx 000 0 spa d
040 |a cru BVZT 
090 |a 100 G-4am 
100 |a Gallardo, Helio 
245 |a América Latina: producir la torre de babel / Helio Gallardo 
260 |a San José, Costa Rica 
260 |b Arlekín 
260 |c 2015 
300 |a 435 páginas 
650 |a FILOSOFÍA 
650 |a HUMANISMOS 
650 |a ANTROPOLOGÍA 
650 |a INTERDISCIPLINA 
650 |a CULTURA 
650 |a RELIGIÓN 
650 |a SEXUALIDAD HUMANA 
650 |a DERECHOS HUMANOS 
942 |c 15 D 
999 |c 15436  |d 15436